000 01004nam a2200193Ii 4500
003 JO-AjNU
008 230605s9999||||xx |||||||||||||| ||und||
040 _aJO-AjNU
_bara
_erda
_cJO-AjNU
041 _aara
050 1 4 _aBJ1291.N37 2012
100 3 _aإعداد ناصر، إسكندري الفوزي موسى ناصر ؛ اشراف ابراهيم احمد الزعبي,
_eauthor
_940854
245 0 0 _aأساليب التربية الأخلاقية في الطريقة الشاذلية اليشرطية ومدى مراعاة معلمي المرحلة الثانوية لها في جزر القمر المتحدة
264 3 1 _aعمان: دار البشائر، 2012
300 _a256ص
_bيتضمن الفهارس العامة ص 10-15 ؛ المصادر والمراجع ص215-223؛ الملاحق ص227-256
336 _atext
_btxt
_2rdacontent
337 _aunmediated
_bn
_2rdamedia
338 _avolume
_bnc
_2rdacarrier
650 4 _aالاخلاق الاسلامية- تعلم وتعليم
_940855
999 _aA17371
_c20939
_d20939